000 00283nam a22001217a 4500
082 _a320.95491 RAF'P
100 _aRAFI, ANWAR MUHAMMAD
_980267
245 _aPRESIDENTIAL GOVERNMENT IN PAKISTAN
250 _a3RD
260 _aLAHORE
_bCARAVAN
_c1967
300 _a342P
942 _cBK
999 _c585213
_d585213